000 00218nam a2200121Ia 4500
100 _aSPENDER/STAPHEN
942 _cBK
245 _aCHINA DIARY
260 _b#N/A
300 _a200
546 _aENGLISH
999 _c24474
_d24474